Регионална библиотека "Любен Каравелов" - Русе

Черния корсар (Запис номер 81392)

MARC детайли
000 -Лидер
Контролно поле с фиксирана дължина 01364nam a2200337 c 4500
003 - Код на организацията, давaща контролен номер
Контролно поле BLK
005 - Дата и час на последна редакция
Контролно поле 20250730095142.0
008 - Елементи от данни с фиксирана дължина
fixed length control field 180408b bul|||||r ||||||| ||bul||
010 ## - Наследен системен номер
LC control number KNG00085896000
040 ## - Източник на каталожния запис
Идентификатор на билиотеката - собственик на записа BLK
041 ## - Код за език
Код за езика на текст/звукозапис или на отделно заглавие Български
Код за езика КДБФ Български
080 ## - УДК
Текстов определител УДК Италианска литература
УДК код - определител по УДК 821.131.1
УДК определител -31
УДК - код + определител 821.131.1-31
100 1# - Редна дума - Автор
Автор Салгари, Емилио
Авторска отговорност първи автор
R(LIN) 118568
139 ## - Редно поле
Редна дума Салгари, Емилио
Авторски знак Сал - С 15
245 10 - Сведения за заглавието
Заглавие Черния корсар
Подзаглавни данни Роман
Редно поле (дума) Емилио Салгари; прев. от итал. Божан Христов.
257 ## - Страна на издаване
Страна на създаване/издаване Италия
260 ## - Област на издателските данни
-- София
Име на издателя, разпространителя и проч. ЕМАС
Година на издаване 1999
Печатница София : Балканпрес
300 ## - Физическа характеристика
Страници 352 с.
Размери/Мащаб 20 см
380 ## - Жанр
Жанр Худож. лит.
490 1# - СЕРИИ (Колекции)
Име на серия Вечните приключенски романи
№: серия 16
500 ## - Общи забележки
Забележка Ориг. загл. Il corsaro nero / Emilio Salgari. - 1. изд. 1981 на изд. Отечество в сер. Избрани книги за деца и юноши. - Офс. изд.
590 ## - Забележки на библиотеката, притежаваща документа (RLIN)
Служебно ф
653 ## - Ключова дума – ненормативна
Ключова дума романи
700 1# - Други автори (авторска отговорност)
Лично име Христов, Божан
Автороска отговорност (Описва отношението между автора и произведението) прев. от итал.
9 (RLIN) 281708
852 ## - Местоположение
Форматна сигнатура Цб 241514
856 4# - Електронен адрес и достъп
Електронен формат pdf - файл
Път до файла /url/
856 4# - Електронен адрес и достъп
Електронен формат pdf - файл
Път до файла /url/
942 ## - АРТИКУЛИ
Вид на библиотечния материал Книги
Скрит в OPAC Не
Koha issues (borrowed), all copies 8
944 ## - СЪЗДАВАНЕ И РЕДАКЦИЯ на ЗАПИСА
Създаване/Редакция Създаване
Дата на регистрацията/редакция 16.10.2008
Служител, извършил регистрацията/редакцията 30564
Статус, дата на статуса Анна Гръцманова
944 ## - СЪЗДАВАНЕ И РЕДАКЦИЯ на ЗАПИСА
Създаване/Редакция Редакция
Дата на регистрацията/редакция 09.09.2015
Служител, извършил регистрацията/редакцията Людмила_Стоянова
999 ## - СИСТЕМНИ КОНТРОЛНИ НОМЕРА
Koha biblionumber 81392
Koha biblioitemnumber 81392
Наличности
Код за отписване Код за изгубен артикул Код за повреда Коз за рестрикции Код за отдаване Артикулен № Име на библиотеката - собственик Име на библиотеката, в която се намира в момента Статус (Текущо местоположение) Дата на вписване в системата Местоположение - отдел Цена в лева Инвентарен номер Систематично азбучна сигнатура Баркод Номер на екземпляра Цена в евро Служебна бележка Служебен тип на артикула
  Не е изгубен Не е повреден без рестрикции заемане за дома 132014 Регионална библиотека "Любен Каравелов" Русе Регионална библиотека "Любен Каравелов" Русе Детски отдел 2008-10-03 Детски отдел 5.00 120000730228 ДХ 820/899/С 15 120000730228 1 2.56 Дост: Pk Вид: Ф N: 8544 Дата: 03.10.2008 Дата инв: 10.08.2015 Бележки инв: Д2015 Книги
  Не е изгубен Не е повреден без рестрикции заемане за дома 132015 Регионална библиотека "Любен Каравелов" Русе Регионална библиотека "Любен Каравелов" Русе Детски отдел 2008-10-03 Детски отдел 5.00 120000730229 ДХ 820/899/С 15 120000730229 2 2.56 Дост: Pk Вид: Ф N: 8544 Дата: 03.10.2008 Дата инв: 10.08.2015 Бележки инв: Д2015 Книги
  Не е изгубен Не е повреден без рестрикции заемане за дома 132016 Регионална библиотека "Любен Каравелов" Русе Регионална библиотека "Любен Каравелов" Русе Детски отдел 2008-10-03 Детски отдел 5.00 120000730230 ДХ 820/899/С 15 120000730230 3 2.56 Дост: Pk Вид: Ф N: 8544 Дата: 03.10.2008 Дата инв: 10.08.2015 Бележки инв: Д2015 Книги
Vip Innovations Ltd, Rousse, Bulgaria 2025